Arena of Valor champions - Statistics

General Stats
  • This quiz has been taken 188 times
    185 since last reset
  • The average score is 54 of 112
Answer Stats
Class Answer % Correct
Assassin Batman
75%
Marksman Valhein
75%
Support Alice
74%
Assassin Murad
74%
Marksman The Joker
74%
Marksman Violet
73%
Warrior Wonder Woman
72%
Marksman Yorn
72%
Mage Krixi
71%
Assassin Nakroth
70%
Assassin Butterfly
69%
Warrior Florentino
69%
Mage Liliana
67%
Warrior Superman
66%
Assassin Wukong
66%
Marksman Tel'Annas
65%
Marksman Elsu
64%
Support Aya
63%
Mage Tulen
62%
Mage Veera
62%
Mage Natalya
61%
Assassin Flash
60%
Tank Grakk
60%
Warrior Maloch
60%
Assassin Aoi
59%
Warrior Yena
59%
Warrior Zuka
59%
Warrior Allain
58%
Marksman Hayate
58%
Warrior Lu Bu
58%
Tank Toro
57%
Assassin keera
56%
Mage Raz
56%
Tank Thane
56%
Mage Yue
56%
Marksman Laville
55%
Warrior Veres
55%
Warrior Airi
54%
Mage Diaochan
54%
Marksman Fennik
54%
Warrior Omen
54%
Marksman Slimz
54%
Warrior Zanis
54%
Mage Zata
54%
Mage Iggy
53%
Assassin Zill
52%
Mage Dirak
50%
Tank Baldum
48%
Marksman Capheny
48%
Support Gildur
48%
Assassin Kriknak
48%
Mage Mganga
48%
Marksman Moren
48%
Mage Aleister
47%
Warrior Qi
47%
Warrior Ryoma
47%
Tank Taara
47%
Tank Arum
46%
Marksman Eland'orr
46%
Marksman Lindis
46%
Support Lumburr
46%
Assassin Paine
46%
Tank Xeniel
46%
Mage Lauriel
45%
Tank Mina
45%
Warrior Zephys
45%
Assassin Quillen
44%
Marksman Wisp
44%
Assassin Bright
43%
Mage D'Arcy
43%
Mage Lorion
43%
Warrior Yan
43%
Warrior Arthur
42%
Mage Ignis
42%
Warrior Riktor
42%
Support TeeMee
42%
Support Zip
42%
Support Annette
41%
Mage Ilumia
41%
Support Rouie
41%
Mage Sephera
41%
Warrior Wiro
41%
Assassin Enzo
40%
Tank Roxie
40%
Warrior Skud
40%
Support Krizzix
39%
Mage Marja
39%
Tank Omega
39%
Marksman Thorne
39%
Tank Y'bneth
39%
Warrior Errol
38%
Warrior Volkath
38%
Support Chresht
37%
Assassin Sinestrea
37%
Mage Azzen'Ka
36%
Tank Max
36%
Mage Preyta
36%
Tank Ata
35%
Warrior Amily
33%
Warrior Arduin
33%
Warrior Dextra
33%
Warrior Kil'Groth
33%
Warrior Astrid
31%
Mage Kahlii
31%
Support Chaugnar
30%
Warrior Rourke
29%
Tank Ormarr
28%
Mage Ishar
26%
Warrior Tachi
26%
Mage Jinnar
19%
Marksman Brunhilda
15%
Support Peura
5%
No matching quizzes found
Score Distribution
Percent of People with Each Score
Percentile by Number Answered
Your Score History
You have not taken this quiz since the last reset